| 000 | 00880nam a2200253 i 4500 | ||
|---|---|---|---|
| 001 | 175384 | ||
| 003 | ES-MaACL | ||
| 005 | 20251218174602.0 | ||
| 007 | t| | ||
| 008 | 101026s1973 sp o r ||||1| spa d | ||
| 080 | _a75 Vera, Cristino de | ||
| 080 | _a929 Vera, Cristino de | ||
| 100 | 1 |
_aPuente, Joaquín de la. _994146 |
|
| 245 | 1 | 0 |
_aCristino de Vera / _cJoaquín de la Puente. |
| 260 |
_a[Madrid : _bDirección General de Bellas Artes, _c1973] |
||
| 300 |
_a116 p. : _bfot. col. y n. ; _c17 cm. |
||
| 490 | 1 |
_aArtistas españoles contemporáneos. Pintores ; _v46 |
|
| 504 | _aBibliografía: p. 109-116. | ||
| 600 | 0 | 4 |
_aVera, Cristino de. _9113940 |
| 710 | 1 |
_aEspaña. _bDirección General de Bellas Artes. _93704 |
|
| 830 | 0 |
_aArtistas españoles contemporáneos. Pintores _v46 _9189664 |
|
| 852 |
_aES-MaACL _j2261-F-46 _xOlim P-1916 |
||
| 999 |
_c175384 _d175384 |
||